| 000 | 03336nam a2200313 i 4500 | ||
|---|---|---|---|
| 003 | CSPC | ||
| 005 | 20240124134710.0 | ||
| 008 | 240111s2017 enka b 001 0 eng | ||
| 010 | _a2016029645 | ||
| 020 | _a9781138317680 | ||
| 040 |
_cCSPC _aCSPC _beng _erda |
||
| 050 | 0 | 0 |
_aGV713 _b.G58 2017 |
| 082 | 0 | 0 |
_a796.069 _bG510 _223 |
| 245 | 0 | 0 |
_aGlobal sport management : _bcontemporary issues and inquiries / _cedited by Brenda G. Pitts and James J. Zhang. |
| 264 | 1 |
_aAbingdon, Oxon : _bRoutledge, _c2017. |
|
| 300 |
_axiii, 291 pages : _billustrations ; _c24 cm. |
||
| 336 |
_2rdacontent _atext |
||
| 337 |
_2rdamedia _aunmediated |
||
| 338 |
_2rdacarrier _avolume |
||
| 490 | 0 | _aWorld Association for sport management | |
| 504 | _aIncludes bibliographical references and index. | ||
| 505 | 0 | _aIntroduction : the WASM foundation stone / Brenda G. Pitts and James J. Zhang -- Internationalized sport management education : bridging the gaps / Robert Baker, Karen Danylchuk, Andy Gillentine, Paul Jonson, Brenda Pitts, James J. Zhang -- The role of globalization, partnerships and technology in enhancing sports excellence in Africa / Peter Wanderi, Constance Nsibambi, Andanje Mwisukha, Paschal Soita, Kihumbu Thairu -- Public's perceptions on the dark side of elite sports and its influence on the willingness to support elite sports / Kirstin Hallmann, Christoph Breuer, Michael Ilgner, Thomas Giel -- The effective factors in the establishment of small and medium-sized sport enterprises / Seyed Morteza Azimzadeh and Brenda Pitts -- Enhancing corporate business relationship through hosting a running race event / Jinyu Shu and James Zhang -- Residents' perceived impact of China's 12th National Games on sport participation / Tyreal Yizhou Qian, Qingzao Liu, James Zhang -- High performance sport policies and climate in different Brazilian governmental levels / Flavia Bastos, M. Bohme, V. Debosscher -- Why do women choose to work in the management of professional baseball? / Maki Itoh and Mary Hums -- Volunteer identification and perceived fit associated with volunteer experience and behaviors / Jaeyeon Hwang, Yongsang Yoo, James Zhang -- Students' perceptions of forced crowdsourcing as social change / Mark Vermillion and Jordan Bass -- Impact of volunteer motivation on behavioral commitment to media center volunteerism during the London Olympic Games / Minhong Kim, N. David Pifer, May Kim, Steven Kim, Brenda Pitts, James Zhang -- From federal baseball to American needle : an empirical examination of the treatment of professional sport leagues under antitrust law / Cyntrice Thomas, Thomas Baker, Kevin Byon, Tyreal Qian, James Zhang -- Introducing Imre Lakatos' research programs in sport management / Jana Nova -- Knowledge of doping : how athletes learn about doping rules and practices / Stephen Moston, Terry Engelberg, Brendan Hutchinson -- The sports labor market : an empirical comparison between Belgium and Germany / Marijke Taks and Manfred Schubert. | |
| 650 | 0 |
_aSports administration _vCase studies. |
|
| 650 | 0 |
_aSports and globalization _vCase studies. |
|
| 700 | 1 |
_aPitts, Brenda G., _eeditor. |
|
| 700 | 1 |
_aZhang, James J., _eeditor. |
|
| 942 |
_2ddc _cBK _h796.069 _iG510 _kCIR _m2017 _n0 |
||
| 999 |
_c26830 _d26830 |
||